Statistics for New York Giants: Most Passing TDs Each Year

Click here to take the quiz!

General Stats

  • This quiz has been taken 110 times
    (71 since last reset)
  • The average score is 36 of 88

Answer Stats

Year Player TDs % Correct
2005Eli Manning24
100%
2004Kurt Warner / Eli Manning6
100%
1979Phil Simms13
85%
2019Daniel Jones24
80%
2000Kerry Collins22
57%
1992Jeff Hostetler8
54%
1961Y.A. Tittle17
50%
1973Norm Snead / Randy Johnson7
30%
1967Fran Tarkenton29
30%
1994Dave Brown12
22%
1999Kent Graham9
20%
1972Norm Snead17
17%
1948Charlie Conerly22
11%
1977Joe Pisarcik4
9%
1982Scott Brunner10
9%
1965Earl Morrall22
7%
1966Earl Morrall / Tom Kennedy7
7%
1997Danny Kanell11
4%
1974Craig Morton9
4%
1960George Shaw11
4%
1934Ed Danowski2
2%
1939Ed Danowski / Len Barnum3
2%
1940Eddie Miller4
0%
1944Arnie Herber6
0%
1941Tuffy Leemans4
0%
1946Frank Filchock12
0%
1933Harry Newman11
0%
1947Paul Governali14
0%
1932Jack McBride6
0%

Score Distribution

Percentile by Number Answered

Percent of People with Each Score

Your Score History

You have not taken this quiz since the last reset